| 000 | 01469cad a22002175a 4500 | ||
|---|---|---|---|
| 001 | L156542 | ||
| 008 | 120606s2012 xxk 000 0 eng d | ||
| 035 | _a(Sirsi) u156542 | ||
| 041 | 0 | _aeng | |
| 110 | 2 |
_aJones Lang LaSalle _93755 |
|
| 245 | 0 | 0 |
_aRetail outlook United States Q1 2012 _h[electronic resource] |
| 260 |
_a[S.l.] _bJLL _c2012 |
||
| 490 | 0 |
_aJones Lang LaSalle Retail Outlook United States _vQ1 2012 |
|
| 520 | _aRetail properties serving national tenants such as malls, power centres and outlet centres are seeing the greatest vacancy rate compression as these tenants continue expanding their portfolios. Healthy retail will follow rooftops notably in the Sun Belt areas of Texas, Florida, the Carolinas, Atlanta and Phoenix. Secondary markets in particular have seen a revival in transaction volume, 27% up in the last six month, and major metros saw a rise of 16% in transaction volume whereas tertiary markets were down by 4%. | ||
| 520 | _aKey take-aways -- economic performance Q1 2012 -- national retail market -- United States retail market statistics -- local market statistics by property type -- retail capital markets -- retail property clock -- local retail market in 16 US cities. | ||
| 590 | _aKA | ||
| 651 | 4 | _aUnited States | |
| 690 |
_aCommercial property _96227 |
||
| 856 | 4 | 0 |
_uhttps://www.us.am.joneslanglasalle.com/ResearchLevel1/US_Retail%20Outlook_Q1-2012.pdf _zView the report at www.us.am.joneslanglasalle.com |
| 942 | _n0 | ||
| 999 |
_c84068 _d84068 |
||